000 00952cam a2200217 4500
001 ##L135621
008 061116n2006 000 0 eng u
035 _a(Sirsi) u135621
041 0 _aeng
050 0 4 _a711.7 $2 18
110 1 _aUnited Kingdom
_bParliament
_bHouse of Commons
_bSelect Committee on Transport
_94622
245 0 0 _aLocal transport planning and funding
_b12th report of session 2005-06
260 _aLondon
_bTSO
_c2006
490 0 _aHouse of Commons Paper
_vHC 1120
520 _aCovers Local Transport Plans (LTPs): a new planning framework, capital funding through LTPs, revenue funding for local transport improvements, transport across city-regions. Provides a list of recommendations.
590 _aKA
651 4 _aEngland
_y886-
690 _aPROPERTY-INFRASTRUCTURE
856 4 0 _uhttps://www.publications.parliament.uk/pa/cm/cmtran.htm
_zView the report free of charge at www.publications.parliament.uk...
942 _n0
999 _c106117
_d106117